| 000 | nam a22 a 4500 | ||
|---|---|---|---|
| 999 |
_c3780 _d3780 |
||
| 001 | vtls000598002 | ||
| 003 | AKMAL | ||
| 005 | 20170524084159.0 | ||
| 008 | 170524s200u my a j | 001 0 may d | ||
| 020 |
_a9789673228331 (kkt.) : _cRM17.90 |
||
| 039 | 9 |
_a201011161009 _bjalil _c201005121112 _danisatul _c201005121100 _danisatul _c201005121059 _danisatul |
|
| 040 | _aAKMAL | ||
| 082 | 0 | 4 |
_a796.323 DRE _222 |
| 090 | 0 | 0 |
_a796.323 _bDRE |
| 100 | 1 |
_aDrewett, Jim _97477 |
|
| 245 | 1 | 0 |
_aMemperbaiki teknik bola keranjang / _cJim Drewett |
| 260 |
_aKuala Lumpur : _bSynergy Media, _c[200-] |
||
| 300 |
_a49ms. : _bil wrn. ; _c27cm. |
||
| 490 | 1 | _aSiri memperbaiki teknik | |
| 500 | _aMengandungi indeks | ||
| 650 | 1 | 0 |
_aBasketball for children _xTraining _vJuvenile literature _97478 |
| 830 | 0 |
_aSiri memperbaiki teknik _97476 |
|
| 942 |
_2ddc _cBOOK |
||